[Event "Israel"]
[Site "Israel"]
[Date "1991.??.??"]
[Round "?"]
[White "Zaid, Leonid D"]
[Black "Smirin, Ilia"]
[Result "0-1"]
[WhiteElo "2395"]
[BlackElo "2545"]
[PlyCount "78"]
[EventDate "1991.??.??"]
[EventType "game"]
[EventRounds "1"]
[EventCountry "ISR"]
[SourceTitle "EXT 2010"]
[Source "ChessBase"]
[SourceDate "2010.11.25"]
[SourceVersion "1"]
[SourceVersionDate "2010.11.25"]
[SourceQuality "1"]

1. d4 Nf6 2. c4 c5 3. d5 g6 4. Nc3 Bg7 5. e4 0-0 6. Nf3 e6 7. Bd3 d6 8. h3 Na6 9. Be3 Nc7 10. e5 dxe5 11. Bxc5 Re8 12. d6 Na6 13. Ba3 Nd7 14. 0-0 f5 15. Be2 b6 16. Nd5 Ndc5 17. Ne7+ Rxe7 18. dxe7 Qxe7 19. b4 Nd7 20. c5 e4 21. Nd4 Ne5 22. Rc1 Nc7 23. Nb5 Nd5 24. Nd6 Nf4 25. Kh1 Bd7 26. Rc3 Ned3 27. Rxd3 exd3 28. Bxd3 Bc6 29. f3 Qh4 30. Kh2 Be5 31. Nc4 Nxd3+ 32. Nxe5 Nxe5 33. Qd6 Qf4+ 34. Kh1 Bd5 35. Rd1 Qe3 36. Bc1 Qe2 37. Rxd5 Qe1+ 38. Kh2 Nxf3+ 39. gxf3 Qf2+ 0-1

[Event "URS Cup rapid"]
[Site "Tallinn"]
[Date "1988.??.??"]
[Round "10"]
[White "Itkis, Boris"]
[Black "Zaid, Leonid D"]
[Result "1-0"]
[WhiteElo "2295"]
[BlackElo "2355"]
[PlyCount "76"]
[EventDate "1988.??.??"]
[EventType "swiss (rapid)"]
[EventRounds "11"]
[EventCountry "URS"]
[SourceTitle "EXT 2000"]
[Source "ChessBase"]
[SourceDate "1999.11.16"]
[SourceVersion "1"]
[SourceVersionDate "1999.11.16"]
[SourceQuality "1"]

1. d4 f5 2. g3 Nf6 3. Bg2 g6 4. Nf3 Bg7 5. 0-0 0-0 6. c4 d6 7. Nc3 Qe8 8. Be3 Nc6 9. d5 Ne5 10. Nxe5 dxe5 11. Nb5 Qd8 12. Bxa7 Bd7 13. Bc5 Bxb5 14. cxb5 b6 15. Ba3 e4 16. f3 Kh8 17. fxe4 fxe4 18. Qb3 Qd7 19. Rad1 Rae8 20. Qc4 Qg4 21. Rf4 Qh5 22. Rdf1 Qe5 23. Qc3 Qxd5 24. Bxe4 Qxb5 25. Bc6 Qxe2 26. Bxe8 Rxe8 27. Re1 Qh5 28. Rxe7 Rxe7 29. Bxe7 Ng8 30. Qe1 Qd5 31. Qe4 Qxa2 32. Rf2 c5 33. Bd6 Nf6 34. Qe2 Qb1+ 35. Rf1 Qe4 36. Qxe4 Nxe4 37. Bc7 Bxb2 38. Bxb6 c4 1-0

[Event "URS Cup rapid"]
[Site "Tallinn"]
[Date "1988.??.??"]
[Round "3"]
[White "Zaid, Leonid D"]
[Black "Kantsler, Boris"]
[Result "0-1"]
[WhiteElo "2355"]
[BlackElo "2430"]
[PlyCount "72"]
[EventDate "1988.??.??"]
[EventType "swiss (rapid)"]
[EventRounds "11"]
[EventCountry "URS"]
[SourceTitle "EXT 2000"]
[Source "ChessBase"]
[SourceDate "1999.11.16"]
[SourceVersion "1"]
[SourceVersionDate "1999.11.16"]
[SourceQuality "1"]

1. d4 g6 2. Nf3 Bg7 3. c4 d6 4. g3 e5 5. Bg2 exd4 6. Nxd4 Ne7 7. h4 Nbc6 8. Nxc6 Nxc6 9. h5 Be6 10. h6 Bf8 11. Nc3 Be7 12. Nd5 Ne5 13. b3 c6 14. Ne3 Bf6 15. Rb1 Qa5+ 16. Bd2 Qxa2 17. 0-0 0-0 18. Kh1 Ng4 19. Nxg4 Bxg4 20. f3 Be6 21. Be3 Qa5 22. g4 Rfd8 23. Bd2 Qc5 24. Qc1 Rd7 25. g5 Bd4 26. f4 d5 27. Bc3 Be3 28. Qb2 d4 29. Be1 Qf5 30. Bg3 Qg4 31. Bh2 Bf5 32. Rbd1 Re8 33. Bf3 Qh4 34. Bg2 Be4 35. Bxe4 Rxe4 36. Qa3 Bxf4 0-1

[Event "UKR-ch"]
[Site "Kiev"]
[Date "1986.??.??"]
[Round "3"]
[White "Legky, Nikolay A"]
[Black "Zaid, Leonid D"]
[Result "1/2-1/2"]
[WhiteElo "2365"]
[BlackElo "2355"]
[PlyCount "54"]
[EventDate "1986.??.??"]
[EventType "tourn"]
[EventRounds "15"]
[EventCountry "URS"]
[EventCategory "5"]
[SourceTitle "EXT 1997"]
[Source "ChessBase"]
[SourceDate "1996.11.15"]
[SourceVersion "1"]
[SourceVersionDate "1996.11.15"]
[SourceQuality "1"]

1. d4 Nf6 2. c4 e6 3. Nc3 d5 4. cxd5 exd5 5. Bg5 Be7 6. e3 0-0 7. Bd3 Nbd7 8. Nf3 Re8 9. Qc2 Nf8 10. 0-0 c6 11. Rae1 Ne4 12. Bxe4 dxe4 13. Bxe7 Qxe7 14. Nd2 f5 15. f3 exf3 16. Nxf3 Be6 17. e4 fxe4 18. Rxe4 h6 19. Rfe1 Rad8 20. Qa4 a6 21. Qa5 Qd6 22. Qb6 Re7 23. Na4 Rde8 24. Qc5 Qd8 25. Nb6 Ng6 26. b3 Bd5 27. Rxe7 Rxe7 1/2-1/2

[Event "UKR-ch"]
[Site "Kiev"]
[Date "1986.??.??"]
[Round "1"]
[White "Moskalenko, Viktor"]
[Black "Zaid, Leonid D"]
[Result "1-0"]
[WhiteElo "2430"]
[BlackElo "2355"]
[PlyCount "75"]
[EventDate "1986.??.??"]
[EventType "tourn"]
[EventRounds "15"]
[EventCountry "URS"]
[EventCategory "5"]
[SourceTitle "EXT 1997"]
[Source "ChessBase"]
[SourceDate "1996.11.15"]
[SourceVersion "1"]
[SourceVersionDate "1996.11.15"]
[SourceQuality "1"]

1. d4 Nf6 2. c4 d6 3. Nc3 Nbd7 4. e4 c6 5. g3 e5 6. Nge2 g6 7. Bg2 Bg7 8. 0-0 0-0 9. h3 a6 10. Be3 b5 11. c5 dxc5 12. dxc5 b4 13. Na4 a5 14. Qc2 Ba6 15. Rfd1 Qc7 16. Nc1 Bb5 17. Nb6 Nxb6 18. cxb6 Qb7 19. Nd3 Nd7 20. Nc5 Nxc5 21. Bxc5 Rfe8 22. a4 Ba6 23. h4 Bf6 24. Bh3 Rad8 25. Rxd8 Rxd8 26. Rd1 Rxd1+ 27. Qxd1 Be7 28. Qc1 Bd8 29. Qe3 Be7 30. h5 Kg7 31. h6+ Kg8 32. f4 exf4 33. gxf4 Kf8 34. e5 Ke8 35. Qd4 b3 36. Bg2 Bd8 37. Qd6 Qe7 38. Bxc6+ 1-0

[Event "UKR-ch53"]
[Site "Kiev"]
[Date "1984.06.19"]
[Round "11"]
[White "Legky, Nikolay A"]
[Black "Zaid, Leonid D"]
[Result "1/2-1/2"]
[WhiteElo "2380"]
[BlackElo "2355"]
[PlyCount "105"]
[EventDate "1984.06.??"]
[EventType "tourn"]
[EventRounds "15"]
[EventCountry "UKR"]
[SourceTitle "EXT 2022"]
[Source "ChessBase"]
[SourceDate "2021.10.06"]
[SourceVersion "1"]
[SourceVersionDate "2021.10.06"]
[SourceQuality "1"]

1. d4 Nf6 2. c4 e6 3. Nf3 d5 4. Nc3 Be7 5. Bg5 h6 6. Bxf6 Bxf6 7. e3 0-0 8. Rc1 c6 9. Bd3 Nd7 10. 0-0 dxc4 11. Bxc4 e5 12. Ne4 exd4 13. Nxf6+ Qxf6 14. Qxd4 Qxd4 15. Nxd4 Re8 16. Rfd1 Nf6 17. b4 Bd7 18. Nb3 Rad8 19. Na5 Bc8 20. Kf1 Ne4 21. Rxd8 Rxd8 22. Ke1 Kf8 23. f3 Nd6 24. Bb3 Ke7 25. Ke2 Bd7 26. e4 f6 27. f4 Re8 28. Kf3 Kd8 29. Bc2 g5 30. Bd3 Kc7 31. Nc4 gxf4 32. Kxf4 Nxc4 33. Bxc4 Re5 34. h4 a5 35. bxa5 Rxa5 36. Rc3 Rc5 37. Rc2 b5 38. Bb3 Rxc2 39. Bxc2 Kd6 40. a4 b4 41. a5 c5 42. a6 Kc7 43. e5 fxe5+ 44. Kxe5 c4 45. Kd4 Be6 46. g4 c3 47. g5 hxg5 48. hxg5 Kb6 49. Bd3 Ka7 50. g6 Kb6 51. g7 Bg8 52. Ke3 b3 53. Ke2 1/2-1/2

[Event "UKR-ch53"]
[Site "Kiev"]
[Date "1984.06.11"]
[Round "6"]
[White "Zaid, Leonid D"]
[Black "Palatnik, Semon"]
[Result "1-0"]
[WhiteElo "2355"]
[BlackElo "2455"]
[PlyCount "133"]
[EventDate "1984.06.??"]
[EventType "tourn"]
[EventRounds "15"]
[EventCountry "UKR"]
[SourceTitle "EXT 2022"]
[Source "ChessBase"]
[SourceDate "2021.10.06"]
[SourceVersion "1"]
[SourceVersionDate "2021.10.06"]
[SourceQuality "1"]

1. d4 Nf6 2. Nf3 b6 3. g3 Bb7 4. c4 g6 5. Nc3 Ne4 6. Nxe4 Bxe4 7. Bh3 Bg7 8. 0-0 Bxf3 9. exf3 0-0 10. Be3 c6 11. f4 e6 12. Qa4 d5 13. cxd5 cxd5 14. Rfc1 a6 15. Bf1 Nd7 16. Rc6 b5 17. Qa3 Nb8 18. Rc2 Qb6 19. Rac1 b4 20. Qa4 Ra7 21. Rc8 f5 22. Re8 Qb7 23. Rxe6 Kf7 24. Re5 Nd7 25. Bg2 Nf6 26. Qb3 Rd8 27. Rc5 Bf8 28. Rexd5 Rxd5 29. Rxd5 Kg7 30. Rxf5 Qc7 31. Re5 Ng4 32. Re6 Nxe3 33. Qxe3 Bd6 34. h4 Qd8 35. Re8 Qf6 36. Re6 Qd8 37. Qe4 Re7 38. Bf1 a5 39. Bc4 Rxe6 40. Qxe6 Qf6 41. Qe4 a4 42. Kg2 a3 43. bxa3 bxa3 44. Bd3 Bc7 45. Qb7 Qb6 46. Qxb6 Bxb6 47. d5 Kf6 48. g4 h6 49. Kf3 g5 50. fxg5+ hxg5 51. hxg5+ Kxg5 52. d6 Kf6 53. d7 Ke7 54. Bf5 Bd4 55. Kg3 Kd8 56. f4 Be3 57. Kf3 Bd2 58. Ke4 Ke7 59. g5 Bc1 60. Kf3 Bd2 61. Be6 Ba5 62. f5 Bd8 63. Kg4 Kf8 64. Kh5 Be7 65. Bc4 Bd8 66. Kg6 Be7 67. Bb5 1-0

[Event "UKR-ch53"]
[Site "Kiev"]
[Date "1984.06.??"]
[Round "9"]
[White "Machulsky, Anatoly D"]
[Black "Zaid, Leonid D"]
[Result "1-0"]
[WhiteElo "2420"]
[BlackElo "2355"]
[PlyCount "85"]
[EventDate "1984.06.??"]
[EventType "tourn"]
[EventRounds "15"]
[EventCountry "UKR"]
[SourceTitle "EXT 2008"]
[Source "ChessBase"]
[SourceDate "2007.11.25"]
[SourceVersion "1"]
[SourceVersionDate "2007.11.25"]
[SourceQuality "1"]

1. e4 c5 2. Nf3 d6 3. d4 cxd4 4. Nxd4 Nf6 5. Nc3 a6 6. Be3 e6 7. Be2 Qc7 8. g4 h6 9. f4 b5 10. a3 Bb7 11. Bf3 g6 12. Qe2 Nbd7 13. 0-0-0 Nb6 14. f5 e5 15. fxg6 exd4 16. Bxd4 Be7 17. g7 Rg8 18. e5 dxe5 19. Bxe5 Bxf3 20. Qxf3 Qxe5 21. Rhe1 Qg5+ 22. Kb1 Rxg7 23. Qc6+ Kf8 24. Rxe7 Ne8 25. Rde1 Rg6 26. Rxe8+ Kg7 27. Qc7 Rxe8 28. Rxe8 Nd5 29. Nxd5 Qxd5 30. Qc3+ Rf6 31. Re1 Qf3 32. Re3 Qd1+ 33. Ka2 Qd5+ 34. b3 Kg6 35. Kb2 Rf2 36. Re8 f6 37. h4 h5 38. gxh5+ Kxh5 39. Rh8+ Kg4 40. Rc8 f5 41. Qg7+ Kh3 42. Rc3+ Rf3 43. h5 1-0

[Event "URS-ch51 Semifinal"]
[Site "Nikolaev"]
[Date "1983.09.??"]
[Round "12"]
[White "Makarichev, Sergey"]
[Black "Zaid, Leonid D"]
[Result "1/2-1/2"]
[WhiteElo "2505"]
[BlackElo "2365"]
[PlyCount "36"]
[EventDate "1983.09.10"]
[EventType "tourn"]
[EventRounds "17"]
[EventCountry "URS"]
[SourceTitle "EXT 2000"]
[Source "ChessBase"]
[SourceDate "1999.11.16"]
[SourceVersion "1"]
[SourceVersionDate "1999.11.16"]
[SourceQuality "1"]

1. c4 Nf6 2. Nc3 c5 3. Nf3 e6 4. d4 cxd4 5. Nxd4 Bb4 6. g3 Ne4 7. Qd3 Qa5 8. Nb3 Qf5 9. Qe3 Nxc3 10. bxc3 Be7 11. Bg2 0-0 12. 0-0 Nc6 13. Rd1 Qh5 14. Bf3 Qf5 15. Be4 Qg4 16. Bf3 Qf5 17. Be4 Qh5 18. Bf3 Qf5 1/2-1/2

[Event "URS-ch51 Semifinal"]
[Site "Nikolaev"]
[Date "1983.09.??"]
[Round "8"]
[White "Podgaets, Mikhail"]
[Black "Zaid, Leonid D"]
[Result "0-1"]
[WhiteElo "2450"]
[BlackElo "2365"]
[PlyCount "108"]
[EventDate "1983.09.10"]
[EventType "tourn"]
[EventRounds "17"]
[EventCountry "URS"]
[SourceTitle "EXT 2000"]
[Source "ChessBase"]
[SourceDate "1999.11.16"]
[SourceVersion "1"]
[SourceVersionDate "1999.11.16"]
[SourceQuality "1"]

1. d4 Nf6 2. c4 e6 3. Nc3 Bb4 4. e3 c5 5. Nge2 cxd4 6. exd4 d5 7. a3 Bxc3+ 8. Nxc3 Nc6 9. c5 0-0 10. Bg5 h6 11. Bh4 e5 12. dxe5 Nxe5 13. Bxf6 Qxf6 14. Nxd5 Qh4 15. Be2 Rd8 16. Qd2 Bg4 17. 0-0-0 Qxf2 18. Bxg4 Qxc5+ 19. Kb1 Nxg4 20. Rhf1 Rd7 21. Rf5 Rad8 22. Qe2 Rxd5 23. Rfxd5 Rxd5 24. Rxd5 Qxd5 25. Qxg4 Qd3+ 26. Ka1 Kh7 27. h4 f5 28. Qf4 Qd1+ 29. Ka2 Qd5+ 30. Ka1 Qe4 31. Qf2 b6 32. g3 Qd3 33. Qf4 b5 34. Qe5 a6 35. Ka2 Qc4+ 36. Ka1 Qe4 37. Qd6 a5 38. Qc5 Qd3 39. Qe5 Qf1+ 40. Ka2 Qd3 41. h5 Qd7 42. Qe2 Qd5+ 43. Ka1 b4 44. Qf1 b3 45. Kb1 Qe4+ 46. Ka1 a4 47. Qd1 Qg4 48. Qh1 Qxg3 49. Qf1 Kh8 50. Qc1 Qb8 51. Qh1 Qc8 52. Qf1 Qe8 53. Qh1 Qd8 54. Qf3 f4 0-1

[Event "URS-ch51 Semifinal"]
[Site "Nikolaev"]
[Date "1983.09.??"]
[Round "1"]
[White "Zaid, Leonid D"]
[Black "Giorgadze, Tamaz"]
[Result "1/2-1/2"]
[WhiteElo "2365"]
[BlackElo "2495"]
[PlyCount "81"]
[EventDate "1983.09.10"]
[EventType "tourn"]
[EventRounds "17"]
[EventCountry "URS"]
[SourceTitle "EXT 2000"]
[Source "ChessBase"]
[SourceDate "1999.11.16"]
[SourceVersion "1"]
[SourceVersionDate "1999.11.16"]
[SourceQuality "1"]

1. d4 d5 2. c4 e6 3. Nc3 Be7 4. Nf3 Nf6 5. Bg5 h6 6. Bxf6 Bxf6 7. e3 0-0 8. Rc1 c6 9. Bd3 Nd7 10. 0-0 dxc4 11. Bxc4 e5 12. Bb3 exd4 13. exd4 Re8 14. Qd2 Nb6 15. Rfe1 Rxe1+ 16. Rxe1 Bg4 17. Ne5 Bxe5 18. Rxe5 Nd7 19. Re3 Nf6 20. h3 Bf5 21. Qe1 Qxd4 22. Re7 Bg6 23. Rxb7 Re8 24. Qd1 Qc5 25. Qd2 a6 26. Ne2 Ne4 27. Qf4 Nf6 28. Qd4 Ne4 29. f3 Rd8 30. Qxc5 Nxc5 31. Rc7 Nxb3 32. axb3 Rd6 33. Nc3 Bc2 34. b4 Bd3 35. Ne4 Re6 36. Rc8+ Kh7 37. Kf2 f5 38. Nc3 Kg6 39. Rd8 Bb5 40. Rd4 Kf6 41. Rd8 1/2-1/2

[Event "URS-ch51 Semifinal"]
[Site "Nikolaev"]
[Date "1983.09.??"]
[Round "11"]
[White "Zaid, Leonid D"]
[Black "Lerner, Konstantin Z"]
[Result "1/2-1/2"]
[WhiteElo "2365"]
[BlackElo "2525"]
[PlyCount "28"]
[EventDate "1983.09.10"]
[EventType "tourn"]
[EventRounds "17"]
[EventCountry "URS"]
[SourceTitle "EXT 2000"]
[Source "ChessBase"]
[SourceDate "1999.11.16"]
[SourceVersion "1"]
[SourceVersionDate "1999.11.16"]
[SourceQuality "1"]

1. d4 Nf6 2. c4 e6 3. Nf3 Bb4+ 4. Bd2 a5 5. g3 b6 6. Bg2 0-0 7. 0-0 Bb7 8. Nc3 d6 9. Qc2 Bxc3 10. Bxc3 Be4 11. Qd2 Bb7 12. Qc2 Be4 13. Qd2 Bb7 14. Qc2 Be4 1/2-1/2

[Event "Tbilisi Dynamo CC Spartakiad"]
[Site "Tbilisi"]
[Date "1983.04.??"]
[Round "?"]
[White "Kuzmin, Alexey"]
[Black "Zaid, Leonid D"]
[Result "1/2-1/2"]
[WhiteElo "2365"]
[BlackElo "2365"]
[PlyCount "93"]
[EventDate "1983.04.??"]
[EventType "team"]
[EventRounds "10"]
[EventCountry "URS"]
[SourceTitle "EXT 2010"]
[Source "ChessBase"]
[SourceDate "2010.11.25"]
[SourceVersion "1"]
[SourceVersionDate "2010.11.25"]
[SourceQuality "1"]

1. e4 c5 2. Nf3 d6 3. d4 cxd4 4. Nxd4 Nf6 5. Nc3 a6 6. Be2 e5 7. Nb3 Be7 8. 0-0 0-0 9. Be3 Be6 10. Qd2 Nbd7 11. a4 Nb6 12. a5 Nc4 13. Bxc4 Bxc4 14. Rfd1 h6 15. Nc1 Qc8 16. b3 Be6 17. N1a2 Nxe4 18. Nxe4 d5 19. Nac3 dxe4 20. Nd5 Bd8 21. Nb6 Bxb6 22. Bxb6 f5 23. Qd6 Rf6 24. Bd8 Rg6 25. Qc7 Qxc7 26. Bxc7 Rc8 27. Rd8+ Rxd8 28. Bxd8 Bd5 29. g3 f4 30. Rd1 Bc6 31. Bc7 e3 32. fxe3 fxg3 33. Bxe5 gxh2+ 34. Kxh2 Rg2+ 35. Kh3 Rxc2 36. Rd6 Kh7 37. Bd4 Re2 38. Kg3 Re1 39. Re6 g5 40. Re7+ Kg6 41. Re6+ Kh7 42. Re7+ Kg8 43. Kg4 Kf8 44. Bc5 Rg1+ 45. Kf5 Rf1+ 46. Kg6 Be8+ 47. Kh7 1/2-1/2